| 000 | 00716nam a2200205Ia 4500 | ||
|---|---|---|---|
| 003 | OSt | ||
| 005 | 20251201160127.0 | ||
| 008 | 220922b |||||||| |||| 00| 0 hin d | ||
| 037 | _cTB | ||
| 040 |
_aARTS _cARTS _bhin |
||
| 041 |
_2hin _ahin |
||
| 100 |
_aसूर्यमल _9156280 |
||
| 245 | 0 | _aवीर सतसई, संपा -शम्भुसिंह मनोहर उपना प्रका | |
| 246 | _aVīr satasaī, sanpā0-shambhusianha hinohar upanā prakā0 | ||
| 260 | _c1972 | ||
| 300 |
_a315पृ. _ccm. |
||
| 650 |
_aहिन्दी साहित्य _9156264 |
||
| 942 |
_hO152,1M15,1:g, L2 _cTB _2CC _n0 |
||
| 999 |
_c322707 _d322707 |
||